Síntesis: jurisprudencia derecho administrativo (Registro nro. 166254)
[ vista simple ]
| 000 -LEADER | |
|---|---|
| fixed length control field | 00980nam a22002177a 4500 |
| 007 - PHYSICAL DESCRIPTION FIXED FIELD--GENERAL INFORMATION | |
| fixed length control field | cr|||| |||| |
| 008 - FIXED-LENGTH DATA ELEMENTS--GENERAL INFORMATION | |
| fixed length control field | 180711s2018 pr |||||s|||| 00||0 spa d |
| 035 ## - | |
| -- | 21741 |
| 040 ## - CATALOGING SOURCE | |
| Original cataloging agency | vLex |
| 090 ## - | |
| -- | 8017 |
| -- | 8017 |
| 245 00 - TITLE STATEMENT | |
| Title | Síntesis: jurisprudencia derecho administrativo |
| Medium | [Recurso electrónico] / |
| Number of part/section of a work | Tomo I |
| 256 ## - | |
| -- | Servicio en línea |
| 260 ## - PUBLICATION, DISTRIBUTION, ETC. (IMPRINT) | |
| Place of publication, distribution, etc | Barcelona: |
| Name of publisher, distributor, etc | Editorial vLex, |
| Date of publication, distribution, etc | 2018 |
| 300 ## - PHYSICAL DESCRIPTION | |
| Extent | 1 recurso electrónico |
| 506 1# - RESTRICTIONS ON ACCESS NOTE | |
| Terms governing access | Disponible solo en los productos indicados |
| Authorized users | vLex Global |
| -- | vLex Global (Academic Edition, excluding Law Schools) |
| -- | vLex Global (U.S. Academic Edition, Law Schools) |
| -- | vLex Global (U.S. Academic Edition, excluding Law Schools) |
| -- | vLex Global (Academic Edition, Law Schools) |
| 650 04 - SUBJECT ADDED ENTRY--TOPICAL TERM | |
| Topical term or geographic name as entry element | Derecho Público y Administrativo |
| Geographic subdivision | Puerto Rico |
| 740 0# - | |
| -- | vLex Libros (Servicio en línea) |
| 856 40 - LOCALIZACIÓN Y ACCESO ELECTRÓNICO | |
| Identificador Uniforme del Recurso (URI/URL) | https://app.vlex.com/#/sources/sintesis-jurisprudencia-derecho-administrativo-tomo-i-21741 |
| 942 ## - | |
| -- | RAA |
| 999 ## - | |
| -- | 166254 |
| -- | 166254 |
No hay ítems disponibles.